| 000 | 01390nam a2200385 i 4500 | ||
|---|---|---|---|
| 001 | 32768 | ||
| 003 | KOSZ 005 | ||
| 005 | 20210922133843.0 | ||
| 008 | 991010s1998 pl a f |000 0 pol | ||
| 020 | _a8387424315 | ||
| 040 |
_cKOSZ 005 _aKOSZ 005 _dKOSZ 005/HR |
||
| 046 | _k1998 | ||
| 080 | _a74/75.07-053.2(520) | ||
| 080 | _a(084.1) | ||
| 100 | 1 |
_aMeisner, Krzysztof _d(1928-2011) _eAutor |
|
| 245 | 1 | 0 |
_aNauka umiejętności w Japonii / _cKrzysztof Meisner, Stefan Sobkowski. |
| 260 |
_aKoszalin : _bWydawnictwo Uczelniane Politechniki Koszalińskiej, _c1998. |
||
| 300 |
_a6, 77 s. : _bfot. rys. (w tym kolor.) ; _c21x30 cm. |
||
| 336 |
_2rdacontent _aTekst _btxt |
||
| 337 |
_2rdamedia _aBez urządzenia pośredniczącego _bn |
||
| 338 |
_2rdacarrier _aWolumin _bnc |
||
| 380 | _aKsiążki | ||
| 380 | _aAlbumy i książki artystyczne | ||
| 388 | _a1901-2000 | ||
| 388 | _a1989-2000 | ||
| 651 | 7 | _aJaponia | |
| 655 | 4 | _aSztuka dziecka | |
| 655 | 4 | _aAlbum | |
| 658 | _aKultura i sztuka | ||
| 700 | 1 |
_aSobkowski, Stefan _eAutor |
|
| 710 | 2 |
_aWydawnictwo Uczelniane (Politechnika Koszalińska) _4pbl. |
|
| 856 |
_uhttp://koha.tu.koszalin.pl/cgi-bin/koha/opac-detail.pl?biblionumber=32768 _yKatalog online BPK |
||
| 856 |
_uhttp://dlibra.tu.koszalin.pl/dlibra/docmetadata?id=513 _yBiblioteka Cyfrowa |
||
| 942 |
_cKS _2UKD |
||
| 999 |
_c32768 _d32768 |
||